000 00249nam a2200097Ia 4500
008 240331s9999 xx 000 0 und d
082 _bSRI
100 _aCleary, S. ed
245 0 _aEuropean NGO forum on Sri lanka :
_bSri Lanka poverty study
942 _cL
999 _c2570
_d2570